| 000 | 00597nam a2200205 4500 | ||
|---|---|---|---|
| 003 | OSt | ||
| 005 | 20230907131850.0 | ||
| 006 | k|||||r|||| 00| zz | ||
| 008 | 708 R549v | ||
| 040 | _cLado V | ||
| 082 |
_a760 _bA645p |
||
| 100 |
_91040 _aApóstol, Alexander _eautor |
||
| 245 | _aPasatiempos/ | ||
| 260 |
_bSala Mendoza _c1998 _aCaracas |
||
| 300 |
_a32p. _c11x14cm |
||
| 650 |
_2Tesauro de Arte & Arquitectura _aARTE _9702 |
||
| 650 |
_2Tesauro de Arte & Arquitectura _aGRABADO _9702 |
||
| 650 |
_2Tesauro de Arte & Arquitectura _aXILOGRAFÍA |
||
| 942 |
_2ddc _c1 _h760 _iA645p _n0 |
||
| 999 |
_c4299 _d4299 |
||